| 000 | 00552nam a2200193 a 4500 | ||
|---|---|---|---|
| 005 | 20150731020002.0 | ||
| 008 | 140124bck 2005xxu||||| |||| 00| 0 spa d | ||
| 040 | _cCO-BoIH | ||
| 041 | _aspa | ||
| 044 | _ack | ||
| 090 |
_aIAVH _b00473 |
||
| 100 |
_aGalindo, Pilar _95068 |
||
| 245 |
_aConsultoría para el desarrollo, fortalecimiento y difusión del CHM _binforme final |
||
| 260 |
_aBogotá _bInstituto Alexander von Humboldt _c2005 |
||
| 300 | _a131 p. | ||
| 700 |
_aYepes Guzmán, Adriana _95069 |
||
| 942 |
_cINFORME _2z _01 |
||
| 945 | _d2005-12-05 | ||
| 999 |
_c4932 _d4932 |
||